000 00371nam a22001457a 4500
005 20251007153834.0
008 250930b |||||||| |||| 00| 0 eng d
020 _a978-81-968917-2-5
041 _aeng
100 _aCHATURVEDI, YATINDRA NATH
_98711
245 _aPANCHTANTRA KI KAHANIYAN
260 _aUTTAR PRADESH
_bAKSHAR PLANT
_c2023
300 _a180;P
942 _cBK
999 _c8877
_d8875